5HLuxD.jpg

KING HENRY VIII SENIOR AND PRIMARY SCHOOL LIBRARY OPAC

Snakehead / (Record no. 3718)

000 -LEADER
fixed length control field 01683cam a2200373 ab4500
001 - CONTROL NUMBER
control field 2345368
003 - CONTROL NUMBER IDENTIFIER
control field OSt
005 - DATE AND TIME OF LATEST TRANSACTION
control field 20241003075839.0
008 - FIXED-LENGTH DATA ELEMENTS--GENERAL INFORMATION
fixed length control field 211222t20152007enk d 000 1 eng d
020 ## - INTERNATIONAL STANDARD BOOK NUMBER
International Standard Book Number 9781406360257
020 ## - INTERNATIONAL STANDARD BOOK NUMBER
International Standard Book Number 1406360252
040 ## - CATALOGING SOURCE
Original cataloging agency AU@
Language of cataloging eng
Transcribing agency AU@
Modifying agency OCLCO
-- AUHCL
-- OCLCA
-- OCLCQ
-- OCLCF
-- UKMGB
-- NZMAP
-- OCLCO
-- OCL
-- GE2
-- TCPL
-- KH8
Description conventions aacr2
042 ## - AUTHENTICATION CODE
Authentication code nbic
043 ## - GEOGRAPHIC AREA CODE
Geographic area code e-uk---
-- as-----
082 0# - DEWEY DECIMAL CLASSIFICATION NUMBER
Classification number FIC HOR
100 1# - MAIN ENTRY--PERSONAL NAME
Personal name Horowitz, Anthony,
Dates associated with a name 1955-
Relator term author.
245 10 - TITLE STATEMENT
Title Snakehead /
Statement of responsibility, etc. Anthony Horowitz.
246 3# - VARYING FORM OF TITLE
Title proper/short title Snake head.
260 ## - PUBLICATION, DISTRIBUTION, ETC.
Place of publication, distribution, etc. London :
Name of publisher, distributor, etc. Walker Books,
Date of publication, distribution, etc. 2015.
300 ## - PHYSICAL DESCRIPTION
Extent 350 pages ;
Dimensions 20 cm.
490 1# - SERIES STATEMENT
Series statement Alex Rider ;
Volume/sequential designation 7.
500 ## - GENERAL NOTE
General note Originally published : 2007.
520 ## - SUMMARY, ETC.
Summary, etc. Splashing down off the coast of Australia, Alex is soon working undercover - this time for ASIS, the Australian Secret Service - on a mission to infiltrate the criminal underworld of South-East Asia: the ruthless world of the Snakehead. Faced with an old enemy and troubled by the shadows of his own past, Alex is caught between two secret services, with no one he can trust - and this time he needs all his wits to survive.
526 0# - STUDY PROGRAM INFORMATION NOTE
Program name Accelerated Reader
Interest level MG+
Reading level 5.4
Title point value 14.0
Public note 191576.
526 0# - STUDY PROGRAM INFORMATION NOTE
Program name Accelerated Reader AR
Interest level MG+
Reading level 5.4
Title point value 14
Public note 191576.
600 10 - SUBJECT ADDED ENTRY--PERSONAL NAME
Personal name Rider, Alex
Titles and other words associated with a name (Fictitious character)
Form subdivision Juvenile fiction.
610 10 - SUBJECT ADDED ENTRY--CORPORATE NAME
Corporate name or jurisdiction name as entry element Great Britain.
Subordinate unit MI6
Form subdivision Juvenile fiction.
650 #0 - SUBJECT ADDED ENTRY--TOPICAL TERM
Topical term or geographic name entry element Organized crime
Form subdivision Juvenile fiction.
650 #0 - SUBJECT ADDED ENTRY--TOPICAL TERM
Topical term or geographic name entry element Spy stories, Australian.
650 #0 - SUBJECT ADDED ENTRY--TOPICAL TERM
Topical term or geographic name entry element Organized crime
Geographic subdivision Southeast Asia
Form subdivision Juvenile fiction.
800 1# - SERIES ADDED ENTRY--PERSONAL NAME
Personal name Horowitz, Anthony,
Dates associated with a name 1955-
Title of a work Alex Rider adventure ;
Volume/sequential designation 7.
830 #0 - SERIES ADDED ENTRY--UNIFORM TITLE
Uniform title Alex Rider ;
Volume/sequential designation 7.
942 ## - ADDED ENTRY ELEMENTS (KOHA)
Source of classification or shelving scheme
Koha item type Books - Fiction
Holdings
Withdrawn status Lost status Source of classification or shelving scheme Damaged status Not for loan Collection code Permanent Location Current Location Shelving location Date acquired Full call number Barcode Date last seen Price effective from Koha item type
          Fiction KH8 Senior School Library KH8 Senior School Library Fiction 2024-10-03 FIC HOR 3KHSL000102060 2024-10-03 2024-10-03 Books - Fiction

Powered By KH8 IT Dept